|
|
|
|
| LEADER |
00000nam0a2200000 4500 |
| 001 |
301746 |
| 005 |
20231101004949.0 |
| 035 |
|
|
|a (RuTPU)RU\TPU\book\326922
|
| 090 |
|
|
|a 301746
|
| 100 |
|
|
|a 20150813d1965 m y0rusy50 ca
|
| 101 |
0 |
|
|a rus
|
| 102 |
|
|
|a RU
|
| 105 |
|
|
|a a j 001zy
|
| 200 |
1 |
|
|a Трубопроводы тепловых электростанций (монтаж и изготовление)
|e учебник
|f Т. Е. Глухенький
|
| 210 |
|
|
|a Москва
|a Ленинград
|c Энергия
|d 1965
|
| 215 |
|
|
|a 440 с.
|c ил.
|
| 320 |
|
|
|a Библиогр.: с. 437.
|
| 606 |
1 |
|
|a Тепловые электрические станции
|x Трубопроводы
|x Насосные установки
|x Баки
|2 stltpush
|3 (RuTPU)RU\TPU\subj\59712
|
| 610 |
1 |
|
|a монтаж
|
| 610 |
1 |
|
|a изготовление
|
| 610 |
1 |
|
|a устройство
|
| 610 |
1 |
|
|a трубы
|
| 610 |
1 |
|
|a арматура
|
| 610 |
1 |
|
|a компенсаторы
|
| 610 |
1 |
|
|a крепление
|
| 610 |
1 |
|
|a пар
|
| 610 |
1 |
|
|a горячая вода
|
| 610 |
1 |
|
|a технологические трубопроводы
|
| 610 |
1 |
|
|a контроль
|
| 610 |
1 |
|
|a испытание
|
| 610 |
1 |
|
|a техника безопасности
|
| 610 |
1 |
|
|a учебники
|
| 675 |
|
|
|a 621.311.22.002.5:621.6(075.8)
|v 3
|
| 700 |
|
1 |
|a Глухенький
|b Т. Е.
|g Тимофей Ерофеевич
|
| 801 |
|
1 |
|a RU
|b 63413507
|c 20150813
|
| 801 |
|
2 |
|a RU
|b 63413507
|c 20220607
|g RCR
|
| 942 |
|
|
|c BK
|